000 00940nam a22002897a 4500
001 BR9402429
003 BR-BrBNA
005 20230928094014.0
007 ta
008 230509b bl.||||| |||| 00| 0 por d
040 _aBR-BrBNA
_bpor
_cBiblioteca Nacional de Agricultura
041 _a(Por)
072 _aP33
090 _ P33 BR9402429
100 1 _aChirinos, I.J.
110 1 _aEscola Superior de Agricultura Luiz de Queiroz, Piracicaba, SP (Brasil)
_0Tese (Mestre em Agronomia)
245 1 _aVariacao da condutividade hidraulica do solo saturado em funcao da concentracao de sodio presente em solucoes e residuo agroindustrial
260 3 _aPiracicaba, SP (Brasil):
_c1992.
300 _a67 p.
500 _a16 tables; 12 illus.; 38 ref.; Summaries (Eng, Por)
650 _aSolo
650 _aSodio
650 _aAdsorcao
650 _aCondutividade Hidraulica
909 _a202309
_bLucia
_c55
_dLucia Elande
942 _cBK
999 _c48377
_d48377